| 000 | 00974cam a2200277 a 4500 | ||
|---|---|---|---|
| 001 | 31101 | ||
| 003 | UkOxU | ||
| 005 | 20211209051647.0 | ||
| 008 | 140413r19501952enk b 000 0ceng d | ||
| 035 |
_a(BD-RjUL)31188 _a(OCoLC)1830805 |
||
| 040 |
_aBD-RjUL _beng _cBD-RjUL |
||
| 041 | 1 |
_aeng _hgrc _hgrc |
|
| 082 |
_a183 _bDIL V-1 1950 |
||
| 100 | 0 |
_aDiogenes Laertius. _994590 |
|
| 245 | 1 | 0 |
_aLives of eminent philosophers / _cDiogenes Laertius ; with an English translation by R. D. Hicks. _nVolume I |
| 260 |
_aLondon : _bHeinemann ; _c[Reprinted 1950]. |
||
| 300 |
_axlix, 548 p. ; _c17 cm. |
||
| 504 | _aBibliography: v. 1, p. xxxix-xliii. | ||
| 650 | 0 |
_aPhilosophers, Ancient. _994591 |
|
| 650 | 0 |
_aPhilosophy, Ancient. _994592 |
|
| 700 | 1 |
_aHicks, Robert Drew, tr. _d1850-1929. _994593 |
|
| 830 | 0 |
_aLoeb classical library. _994598 |
|
| 942 |
_2ddc _cBK |
||
| 999 |
_c31101 _d31101 |
||